000 01303nas a2200313 c 4500
003 BLK
005 20180815163505.0
008 180413b bul rap|r|||| |0| c1bulo|
010 _aPRD00001313000
022 _a1505-9464
040 _aBLK
041 _aBUL
_cBUL
080 _aЖивопис - художници
_b75.071.1
_x(051)
_z75.071.1(051)
110 1 _aПрес
_eРед. кол : Евелина Банева и др.
_9359822
245 1 0 _aВЕЛИКИ ХУДОЖНИЦИ
_bЖивот, вдъхновение и творчество
_cПрес ; Ред. кол : Евелина Банева и др.
_fНачална год. на издаване: 2008, № 1,
257 _aBGR
260 София
_bПрес
_c2008
_fИнфопрес Груп България АД
300 _c28
310 периодичност: 0
_bабонамент за: 2010
_dдни, в които се получава: 0000000
_eсрок за съхранение: 99
380 _a7
500 _aзабележка:Заб.: Сп. е превод от полски език.
650 4 _aХудожници
_9177043
653 _aхудожници
852 _aБ 1885
856 _qpdf
_u
856 _qpdf
_u
942 _cJOU
_n0
_s1
_013
944 _aCR
_cМария_Кръстева
_k08.09.2008
944 _aED
_c
_k26.08.2013
999 _c293830
_d293830